Víš, jak se co dělá? /

Hlavní autor: Růžička, Oldřich
Další autoři: Májová, Alexandra, 1986-
Jazyk: Čeština
Vydáno: V Praze : Albatros, 2017
Vydání: První vydání
Témata:
Fyzický popis: 36 nečíslovaných stran : barevné ilustrace ; 27 cm + 5 dvojlistů + 15 brožur (každé 9 x 12 cm)
Knihy
Uloženo v:
LEADER 02207nam a2200589 i 4500
001 nkc20182986221
003 CZ PrNK
005 20190425091012.0
007 ta
008 180323s2017 xr a b f 000 0 cze
015 |a cnb002986221 
020 |a 978-80-00-04814-7  |q (Albatros ;  |q vázáno) :  |c Kč 349,00 
035 |a (OCoLC)1039830235 
040 |a BOA001  |b cze  |e rda 
072 7 |a 62  |x Technika všeobecně  |2 Konspekt  |9 19 
072 7 |a 0/9-053.2  |x Literatura pro děti a mládež (naučná)  |2 Konspekt  |9 26 
080 |a 62  |2 MRF 
080 |a 0/9  |2 MRF 
080 |a (0.062)  |2 MRF 
080 |a (084.11)  |2 MRF 
080 |a (0.053.2)  |2 MRF 
100 1 |a Růžička, Oldřich  |7 xx0004739  |4 aut 
245 1 0 |a Víš, jak se co dělá? /  |c O. Růžička, A. Hetmerová 
250 |a První vydání 
264 1 |a V Praze :  |b Albatros,  |c 2017 
300 |a 36 nečíslovaných stran :  |b barevné ilustrace ;  |c 27 cm +  |e 5 dvojlistů + 15 brožur (každé 9 x 12 cm) 
336 |a text  |b txt  |2 rdacontent 
336 |a statický obraz  |b sti  |2 rdacontent 
337 |a bez média  |b n  |2 rdamedia 
338 |a svazek  |b nc  |2 rdacarrier 
500 |a Název z obálky 
500 |a Pro nakladatelství Albatros ve společnosti Albatros Media a.s. připravilo nakladatelství B4U Publishing 
500 |a Rozkládací listy s vlepenými dvojlisty a brožurami 
521 8 |a Pro čtenáře od 6 let 
650 0 7 |a technika  |7 ph157258  |2 czenas 
650 0 7 |a všeobecnosti a zajímavosti  |7 ph116736  |2 czenas 
650 0 9 |a technology  |2 eczenas 
650 0 9 |a facts and features  |2 eczenas 
655 7 |a populárně-naučné publikace  |7 fd131864  |2 czenas 
655 7 |a obrazové publikace  |7 fd132947  |2 czenas 
655 7 |a publikace pro děti  |7 fd133156  |2 czenas 
655 9 |a popular works  |2 eczenas 
655 9 |a pictorial works  |2 eczenas 
655 9 |a children's literature  |2 eczenas 
700 1 |a Májová, Alexandra,  |d 1986-  |7 xx0190440  |4 aut 
910 2 |a BOA001  |b 3-1405.734 
928 9 |a Albatros Media - Albatros 
928 9 |a B4U Publishing 
990 |a BK 
995 |a 01 
991 |b 201804  |c NOV 
996 6 |b 2610739397  |c 3-1405.734  |l MZK  |r Sklad / do 1 hodiny  |n 1  |p p.v.  |w 001658091  |u 000010  |a 1  |e BOA001  |j MZK50  |s P